00731 2200253 4500001002100000005001500021035002000036007000300056008004100059020002200100082001000122084001600132100002700148245011600175250001000291260003000301300006200331650001200393700002400405990001200429990001200441990001200453990001200465INLIS00000000000532720200921114319 a0010-0220000045ta200921 b 1 ind  a978-979-29-7098-2 a398.2 a398.2 WIN s0 aWINKANDA, Satria Putra1 aKumpulan Dongeng Negeri Spanyol :bKebijaksanaan Raja Leon /cWinkanda Satria Putra; editor, Th. Arie Prabawati acet.1 aYogyakarta :bAndi,c2018 av, 86 hlm. :bilus. ;c23 cm.-- Seri Cerita Dongeng Dunia 4aDONGENG0 aARIE, Prabawati Th. a17040 A a17040 B a17040 C a17040 D